| 000 | 01489aam a2200469 4500 | ||
|---|---|---|---|
| 005 | 20241011143539.0 | ||
| 008 | 150716b xxu||||| |||| 00| 0 spa d | ||
| 041 | _aEspañol | ||
| 082 | _a658.3 C352a | ||
| 100 |
_aCastillo Aponte, José _914658 |
||
| 245 | _aAdministración de personal: un enfoque hacia la calidad humana | ||
| 260 |
_aColombia _bECOE _c1993 |
||
| 300 | _a363 páginas | ||
| 650 | _aADMINISTRACIÓN DE PERSONAL | ||
| 650 | _aNATURALEZA DE LA ADMINISTRACIÓN | ||
| 650 | _aPLANEACIÓN PERSONAL | ||
| 650 | _aORGANIZACIÓN DE PERSONAL | ||
| 650 | _aCOORDINACIÓN DE PERSONAL | ||
| 650 | _aDIVISION DEL PERSONAL | ||
| 650 | _aCOORDINACIÓN DE PERSONAL | ||
| 650 | _aDIAGNOSTICO ORGANIZACIONAL | ||
| 650 | _aFUERZA LABORAL | ||
| 650 | _aSELECCIÓN DE PERSONAL | ||
| 650 | _aINTRUMENTOS DE SELECCIÓN | ||
| 650 | _aRECLUTAMIENTO | ||
| 650 | _aIMPORTANCIAA DE LA MOTIVACIÓN | ||
| 650 | _aTEORIAS MOTIVACIONALES | ||
| 650 | _aEVALUACIÓN DE DESEMPEÑO | ||
| 650 | _aRECLAMOS | ||
| 650 | _aJERARQUIA DE NECESIDADES | ||
| 650 | _aFUNCIONES DE LOS SINDICATOS | ||
| 650 | _aCLASES DE SINDICATOS | ||
| 650 | _aGESTIÓN PARTICIPATIVA | ||
| 650 | _aENTRENAMIENTO Y SUS TIPOS | ||
| 650 | _aLA REMUNERACIÓN Y SUS MODALIDADES | ||
| 650 | _aPRESTACIONES SOCIALES | ||
| 650 | _aBENEFICIOS LABORALES | ||
| 650 | _aIMPORTANCIA DEL BIENESTAR LABORAL | ||
| 650 | _aCONTROL DEL PERSONAL | ||
| 650 | _aCONFLICTOS Y SUS CAUSAS | ||
| 942 | _cBK | ||
| 999 |
_c1841 _d1841 |
||